Problematika ohodnocovania akcií v SR pre potreby "Squeeze out"
Ponuka na prevzatie akcií. Povinná ponuka na prevzatie. Právo výkupu alebo "Squeeze out". Primeranosť protiplnenia určená znaleckým posudkom. Legislatívne metódy stanovenia hodnoty podniku. Možnosti použitia metód stanovenia hodnoty podniku na účely "Squeeze out".
Salvato in:
| Autore principale: | |
|---|---|
| Altri autori: | |
| Natura: | Capitolo di libro |
| Lingua: | slovacco |
| Soggetti: | |
| Tags: |
Nessun Tag, puoi essere il primo ad aggiungerne!!
|
MARC
| LEADER | 00000nla$a2200000$$$4500 | ||
|---|---|---|---|
| 001 | 0087954 | ||
| 005 | 20240502072003.6 | ||
| 041 | 0 | |a slo | |
| 044 | |a SK | ||
| 245 | 1 | 0 | |a Problematika ohodnocovania akcií v SR pre potreby "Squeeze out" |c Anna Harumová, Marián Miškanin |
| 520 | |a Ponuka na prevzatie akcií. Povinná ponuka na prevzatie. Právo výkupu alebo "Squeeze out". Primeranosť protiplnenia určená znaleckým posudkom. Legislatívne metódy stanovenia hodnoty podniku. Možnosti použitia metód stanovenia hodnoty podniku na účely "Squeeze out". | ||
| 610 | 2 | 0 | |a akcie |
| 610 | 2 | 0 | |a hodnota podniku |
| 610 | 2 | 0 | |a akcionári |
| 610 | 2 | 0 | |a ohodnocovanie podniku |
| 610 | 2 | 0 | |a výkup |
| 100 | 1 | |a Harumová, Anna, 1955- | |
| 700 | 1 | |a Miškanin, Marián | |